000 00485nam a22001697a 4500
999 _c7112
_d7112
003 GBCCL
005 20241126110620.0
008 180710b ||||| |||| 00| 0 eng d
040 _cGBC
082 _a307.7
_bGOH
100 _aGohain, B. K.
_912595
245 _aThe Hill Karbis:
_bA sociological study of the tribe/
_cB. K. Gohain
260 _aDiphu:
_bArunima Gohain,
_c1984
300 _a88 p.;
_c14 x 21 cm.
650 _aKarbis (Indic People) - History
_912596
942 _2ddc
_cBK
_06